| Поле | Инд. | ПП | Название | Значение |
|---|---|---|---|---|
| Тип записи | a | |||
| Библиографический уровень | m | |||
| 001 | Контрольный номер | RU/URAIT/536291 | ||
| 003 | Постоянный идентификатор записи | https://urait.ru/bcode/536291 | ||
| 005 | Дата корректировки | 20260330091555.6 | ||
| 010 | a | ISBN | 978-5-534-16200-4 | |
| 073 | _1 | a | Стандартный номер (EAN) | 9785534162004 |
| d | Условия доступности и / или цена | 1809.00 | ||
| 100 | a | Данные общей обработки | 20181001d2024 km y0rusy89 ca | |
| 101 | 0_ | a | Язык текста | rus |
| 102 | a | Страна публикации | RU | |
| 105 | a | Кодированные данные (монография) | y j 000yy | |
| 106 | a | Кодированные данные для формы документа (Обозначение носителя) | s | |
| 200 | 1_ | a | Заглавие | История России |
| e | Сведения, относящиеся к заглавию | учебник и практикум | ||
| f | Первые сведения об ответственности | Д. О. Чураков [и др.] ; под редакцией Д. О. Чуракова, С. А. Саркисяна. | ||
| b | Общее обозначение материала | Электронный ресурс | ||
| 205 | a | Основные сведения об издании | 2-е изд., испр. и доп. | |
| 210 | 1_ | a | Место издания | Москва |
| c | Издательство | Юрайт | ||
| d | Дата издания | 2024 | ||
| 215 | a | Объем | 456 с | |
| 225 | 1_ | a | Серия | Высшее образование |
| 230 | a | Обозначение и объем ресурса | Электрон. дан. | |
| 606 | a | Основная рубрика | История России | |
| 675 | a | Индекс УДК | 93(075.8) | |
| 686 | 2 | Код системы | rubbk | |
| 702 | _1 | g | Полное личное имя | Чураков Д. О., ред. |
| 702 | _1 | g | Полное личное имя | Саркисян С.А., ред. |
| 801 | _0 | a | Страна | RU |
| b | Организация | ИКО Юрайт | ||
| c | Дата составления | 20181001 | ||
| g | Правила каталогизации | RCR | ||
| 2 | Код формата | rusmarc | ||
| 801 | _1 | a | Страна | RU |
| b | Организация | ИКО Юрайт | ||
| c | Дата составления | 20181001 | ||
| g | Правила каталогизации | RCR | ||
| 2 | Код формата | rusmarc | ||
| 856 | 40 | n | Название местонахождения сервера | Юрайт |
| g | Универсальное имя ресурса | Электронная книга | ||
| q | Тип электронного формата | html | ||
| h | Исполнитель запроса | ЮРАЙТ | ||
| 2 | Текст ссылки | Показать документ | ||
| u | URL | https://urait.ru/bcode/536291 | ||
| a | Внешний URL ресурс | ЭБС Юрайт. Доступ по логину и паролю | ||
| 856 | 41 | q | Тип электронного формата | cover |
| 900 | l | |||
| 905 | a | Дата ввода | 20260327 |